Suomalainen Monopoly-pelilauta - Statistics

Yleistilastot
  • Tätä visaa on pelattu 805 kertaa
  • Keskiarvotulos 13 / 36
Vastaukset kartalla
Vastauksille on annettu kartalla punavihreä väri sen mukaan, kuinka moni on saanut sen oikein.
 
Vastaustilastot
Vastaus % Oikein
Lähtö
71%
Vankila
58%
Erottaja
56%
Mene vankilaan
53%
Vapaa pysäköinti
52%
Mannerheimintie
47%
Sattuma
45%
Korkeavuorenkatu
44%
Kasarmikatu
43%
Maksa tulovero
41%
Maksa lisävero
40%
Eira
36%
Vesilaitos
36%
Bulevardi
35%
Yhteismaa
33%
Annankatu
31%
Esplanadi
31%
Hämeentie
31%
Kauppatori
31%
Pasilan asema
31%
Sähkölaitos
31%
Unioninkatu
31%
Rantatie
30%
Simonkatu
30%
Aleksanterinkatu
29%
Kaisaniemenkatu
29%
Liisankatu
28%
Mikonkatu
27%
Sörnäisten asema
26%
Tehtaankatu
26%
Rautatieasema
25%
Siltasaari
25%
Tavara-asema
25%
Snellmaninkatu
23%
Keskuskatu
22%
Lönnrotinkatu
20%
Ehtoja vastaavia visoja ei löytynyt
Tulosjakauma
Jokaisen tuloksen saaneiden osuus
Persentiili vastausten määrän mukaan
Tuloshistoriasi
Et ole pelannut tätä visaa